Sledovanie tavenia plastov elektrickými metódami = Melt monitoring of plastics material by using the electric methods : Bakalárska práca

Na minha lista:
Detalhes bibliográficos
Autor principal: Görtlerová, Alexandra (Author)
Outros Autores: Kubliha, Marian (xxx)
Formato: Manuscrito Livro
Idioma:eslovaco
Publicado em: Trnava : STU v Bratislave MtF KMI, 2006
Assuntos:
Tags: Adicionar Tag
Sem tags, seja o primeiro a adicionar uma tag!

MARC

LEADER 00000ntm a22000003a 4500
001 stu130430
005 20160719155621.5
008 061129s2006----xo------------------slo-d
040 |a STU  |b slo 
041 0 |a slo 
044 |a xo 
100 1 |a Görtlerová, Alexandra  |4 aut 
245 1 |a Sledovanie tavenia plastov elektrickými metódami = Melt monitoring of plastics material by using the electric methods :  |b Bakalárska práca 
260 |a Trnava :  |b STU v Bratislave MtF KMI,  |c 2006 
300 |a 46 s  |c 1 CD-ROM 
650 7 |a materiálové inžinierstvo  |2 stusub 
650 7 |a plasty  |2 stusub 
700 1 |a Kubliha, Marian  |4 xxx  |u M1000  |U MTF Materiálovotechnologická fakulta  |T MTF Ústav materiálov  |X 4308  |U M1000  |Y 81  |7 4308 
996 |b 284M075092  |c M*BP-2212  |l MMSKP  |s P  |a 0  |w stu130430_0001